| 000 | 02195cam a22004697a 4500 | ||
|---|---|---|---|
| 999 |
_c529763 _d529763 |
||
| 001 | 13060993 | ||
| 003 | NUST | ||
| 005 | 20191003100148.0 | ||
| 008 | 030117s2003 dcuak b 000 0 eng d | ||
| 010 | _a 2003100792 | ||
| 020 | _a0309069556 | ||
| 035 | _a(DLC)13060993 | ||
| 038 | _aMSOHAIL | ||
| 040 |
_aTRL _cTRL _dCBT _dDLC |
||
| 042 | _alccopycat | ||
| 043 | _an-us--- | ||
| 050 | 0 | 0 |
_aTE228 _b.M36 2003 |
| 082 | 0 | 0 |
_a363.1257 _222 |
| 100 | 1 |
_aMcGee, Hugh W. _921777 |
|
| 245 | 1 | 0 |
_aImpact of red light camera enforcement on crash experience / _cConsultants: Hugh W. McGee and Kimberly A. Eccles. |
| 260 |
_aWashington, D.C. : _bNational Academy Press, _c2003. |
||
| 300 |
_a57 p. : _bcharts, forms ; _c28 cm. |
||
| 440 | 0 |
_aSynthesis of highway practice, _x0547-5570 ; _v310 _922509 |
|
| 500 | _aAt head of title: National Cooperative Highway Research Program. | ||
| 500 | _a"Research sponsored by the American Association of State Highway and Transportation Officials in cooperation with the Federal Highway Administration." | ||
| 500 | _a"Transportation Research Board, National Research Council." | ||
| 504 | _aIncludes bibliographical references (p. 41-43). | ||
| 650 | 0 |
_aElectronic traffic controls _zUnited States. _922510 |
|
| 650 | 0 |
_aTraffic cameras _zUnited States. _922511 |
|
| 650 | 0 |
_aTraffic safety _zUnited States. _920010 |
|
| 650 | 0 |
_aPhotography in traffic engineering. _922512 |
|
| 650 | 0 |
_aLegal photography _zUnited States. _922513 |
|
| 700 | 1 |
_aEccles, Kimberly A. _922514 |
|
| 710 | 2 |
_aNational Cooperative Highway Research Program. _920864 |
|
| 710 | 2 |
_aAmerican Association of State Highway and Transportation Officials. _919553 |
|
| 710 | 1 |
_aUnited States. _bFederal Highway Administration. _920149 |
|
| 710 | 2 |
_aNational Research Council (U.S.). _bTransportation Research Board. _922515 |
|
| 906 |
_a7 _bcbc _ccopycat _d3 _encip _f20 _gy-gencatlg |
||
| 942 |
_2ddc _cBK |
||